Countries with most Tourist to Greece - Statistics

General Stats
  • This quiz has been taken 177 times
  • The average score is 8 of 10
Answer Stats
Visitors Country % Correct
2,397,169 United Kingdom
94%
750,250 United States
94%
1,522,100 France
92%
2,810,350 Germany
91%
1,355,327 Italy
90%
1,153,046 Turkey
86%
1,900,642 Bulgaria
71%
727,831 Serbia
64%
754,402 Poland
52%
3,023,059 Macedonia
49%
No matching quizzes found
Score Distribution
Percent of People with Each Score
Percentile by Number Answered
Your Score History
You have not taken this quiz